Normal view
MARC view
- تاليف المولى، موفق مجيد
Entry Personal Name
001 - CONTROL NUMBER
- control field: 42521
003 - CONTROL NUMBER IDENTIFIER
- control field: JO-AjAnu
005 - DATE AND TIME OF LATEST TRANSACTION
- control field: 20230606081044.0
008 - FIXED-LENGTH DATA ELEMENTS
- fixed length control field: 230606|| aca||aabn | a|a d
040 ## - CATALOGING SOURCE
- Original cataloging agency: JO-AjAnu
- Transcribing agency: JO-AjAnu
100 ## - HEADING--PERSONAL NAME
- Personal name: تاليف المولى، موفق مجيد
670 ## - SOURCE DATA FOUND
- Source citation: Work cat.: (JO-AjAnu)21781: تاليف المولى، موفق مجيد, author, الأساليب الحديثة في تدريب كرة القدم